ウマ娘の香港表記 - Statistics

General Stats
  • This quiz has been taken 5 times
  • The average score is 94 of 132
Answer Stats
中国語表記 ウマ娘 % Correct
特別週 スペシャルウィーク
100%
無声鈴鹿 サイレンススズカ
100%
東海帝皇 トウカイテイオー
100%
丸善斯基 マルゼンスキー
100%
富士奇石 フジキセキ
100%
小栗帽 オグリキャップ
100%
黄金船 ゴールドシップ
100%
伏特加 ウオッカ
100%
大和赤驥 ダイワスカーレット
100%
大樹快車 タイキシャトル
100%
目白麦昆 メジロマックイーン
100%
神鷹 エルコンドルパサー
100%
好歌劇 テイエムオペラオー
100%
成田白仁 ナリタブライアン
100%
魯鐸象徴 シンボリルドルフ
100%
愛麗数碼 アグネスデジタル
100%
青雲天空 セイウンスカイ
100%
琵琶晨光 ビワハヤヒデ
100%
目白雷恩 メジロライアン
100%
雪之美人 ユキノビジン
100%
米浴 ライスシャワー
100%
艾尼風神 アイネスフウジン
100%
愛麗速子 アグネスタキオン
100%
愛慕織姫 アドマイヤベガ
100%
稲荷一 イナリワン
100%
勝利奨券 ウイニングチケット
100%
川上公主 カワカミプリンセス
100%
黄金城市 ゴールドシチー
100%
桜花進王 サクラバクシンオー
100%
中山慶典 ナカヤマフェスタ
100%
成田大進 ナリタタイシン
100%
西野花 ニシノフラワー
100%
春麗 ハルウララ
100%
青竹回憶 バンブーメモリー
100%
待兼福来 マチカネフクキタル
100%
千明代表 ミスターシービー
100%
名将戸仁 メイショウドトウ
100%
目白多伯 メジロドーベル
100%
待兼唐懐瑟 マチカネタンホイザ
100%
目白善信 メジロパーマー
100%
双渦輪 ツインターボ
100%
里見光鑽 サトノダイヤモンド
100%
北部玄駒 キタサンブラック
100%
桜花千代王 サクラチヨノオー
100%
目白雅丹 メジロアルダン
100%
八重無敵 ヤエノムテキ
100%
鶴丸強志 ツルマルツヨシ
100%
目白光明 メジロブライト
100%
桜花桂冠 サクラローレル
100%
成田路 ナリタトップロード
100%
第一紅宝 ダイイチルビー
100%
目白山峰 メジロラモーヌ
100%
里見皇冠 サトノクラウン
100%
信念 ビリーヴ
100%
無需理由 ノーリーズン
100%
葛城王牌 カツラギエース
100%
新宇宙 ネオユニヴァース
100%
菱奇蹟 ヒシミラクル
100%
黄金巨匠 オルフェーヴル
100%
貴婦人 ジェンティルドンナ
100%
夢之旅 ドリームジャーニー
100%
浮岩光王 カルストンライトオ
100%
多旺達 デュランダル
100%
黄金旅程 ステイゴールド
100%
草上飛 グラスワンダー
67%
菱亜馬遜 ヒシアマゾン
67%
気槽 エアグルーヴ
67%
美浦波旁 ミホノブルボン
67%
菱曙 ヒシアケボノ
67%
空中神宮 エアシャカール
67%
栄進閃耀 エイシンフラッシュ
67%
採珠 シーキングザパール
67%
新光風 シンコウウインディ
67%
東商変革 スイープトウショウ
67%
超級小渓 スーパークリーク
67%
醒目飛鷹 スマートファルコン
67%
荒漠英雄 ゼンノロブロイ
67%
東瀛佐敦 トーセンジョーダン
67%
微光飛駒 ビコーペガサス
67%
優秀素質 ナイスネイチャ
67%
帝王光輝 キングヘイロー
67%
大徳日神 ダイタクヘリオス
67%
天狼星象徴 シリウスシンボリ
67%
北方飛翔 ノースフライト
67%
谷野美酒 タニノギムレット
67%
愛如住昔 スティルインラブ
67%
北港火山 ホッコータルマエ
67%
奇鋭駿 ワンダーアキュート
67%
跳舞城 タップダンスシチー
67%
大鳴大放 ドゥラメンテ
67%
西薩里奥 シーザリオ
67%
空中梅賽亜 エアメサイア
67%
愛慕律動 アドマイヤグルーヴ
67%
桜花千歳王 サクラチトセオー
67%
杏目 アーモンドアイ
67%
旺紫丁 ラッキーライラック
67%
唯独愛你 ラヴズオンリーユー
67%
紅色夢想 レッドディザイア
67%
美妙姿勢 ファインモーション
33%
重砲 マヤノトップガン
33%
曼城茶座 マンハッタンカフェ
33%
美麗週日 マーベラスサンデー
33%
狄杜斯 イクノディクタス
33%
謀勇兼備 デアリングタクト
33%
狂熱激昂 フリオーソ
33%
希望之城 エスポワールシチー
33%
吉兆 シンボリクリスエス
33%
真弓快車 アストンマーチャン
33%
高尚駿逸 シュヴァルグラン
33%
喜嘉奇蹟 ケイエスミラクル
33%
叢林口袋 ジャングルポケット
33%
小林歴奇 コパノリッキー
33%
参孫大 サムソンビッグ
33%
萊斯萊斯 ロイスアンドロイス
33%
勇敢之心 デアリングハート
33%
火神 フサイチパンドラ
33%
凱旋芭蕾 ウインバリアシオン
33%
防爆装束 ブラストワンピース
33%
放声歓呼 グランアレグリア
33%
創世駒 クロノジェネシス
33%
機伶金花 カレンブーケドール
33%
玉藻十字 玉藻クロス
0%
真機伶 カレンチャン
0%
也文摂輝 ヤマニンゼファー
0%
創昇 トランセンド
0%
極峰 ヴィルシーナ
0%
強撃 ヴィブロス
0%
緞通烈焔 ダンツフレーム
0%
万藾争鳴 サウンズオブアース
0%
迷人景致 ブエナビスタ
0%
吹波糖 バブルガムフェロー
0%
超常駿驥 フェノーメノ
0%
No matching quizzes found
Score Distribution
Percent of People with Each Score
Percentile by Number Answered
Your Score History
You have not taken this quiz